Online Public Access Catalogue

Logan Turner's Diseases of the Nose, Throat and Ear (Record no. 4765)

MARC details
000 -LEADER
fixed length control field 00370nam a2200145Ia 4500
082 ## - DEWEY DECIMAL CLASSIFICATION NUMBER
Classification number WU 140
Author Mark TUR
100 ## - MAIN ENTRY--PERSONAL NAME
Author Name Turner's Logan
245 #0 - TITLE STATEMENT
Title Logan Turner's Diseases of the Nose, Throat and Ear
Statement of responsibility, etc. Turner's Logan
250 ## - EDITION STATEMENT
Edition statement 9th
260 ## - PUBLICATION, DISTRIBUTION, ETC.
Place of publication, distribution, etc. Bristol
Name of publisher, distributor, etc. Wright
Date of publication, distribution, etc. 1982
300 ## - PHYSICAL DESCRIPTION
No of Pages 445
650 ## - SUBJECT ADDED ENTRY--TOPICAL TERM
Subject Otology
942 ## - ADDED ENTRY ELEMENTS (KOHA)
Koha item type Books
952 ## - LOCATION AND ITEM INFORMATION (KOHA)
-- 2018-03-16
Holdings
Withdrawn status Lost status Damaged status Not for loan Home library Current library Shelving location Date acquired Total Checkouts Full call number Barcode Date last seen Koha item type
        Islamabad Medical and Dental College Islamabad Medical and Dental College Islamabad Medical and Dental College 16/03/2018   WU 140 6483 16/03/2018 Books

Copyright @ IMDC Library
Islamabad Medical and Dental College
Bhara Kahu, Islamabad

  Contact the Librarian, IMDC
  Email:: library@imdcollege.edu.pk

  OPAC Customized by
  Mazhar Hussain,
  Librarian:
  Islamabad Medical and Dental College
  Email:: library@imdcollege.edu.pk